i Queremos la paz! Documentos de organizaciones y grupos cristianos sobre la paz en Centroamérica

में बचाया:
ग्रंथसूची विवरण
मुख्य लेखक: Meléndez, Guillermo
स्वरूप: अज्ञात
प्रकाशित: San José: DEI
टैग: टैग जोड़ें
कोई टैग नहीं, इस रिकॉर्ड को टैग करने वाले पहले व्यक्ति बनें!

MARC

LEADER 00000 a2200000 04500
001 14691
003
008 991231s d
040
020 |a 9977-904-04-9  
022 |a 9977-904-04-9  
090 |a 017615  
100 |a Meléndez, Guillermo  
245 |a i Queremos la paz! Documentos de organizaciones y grupos cristianos sobre la paz en Centroamérica  
260 |a San José:   |b DEI  
300 |a 150 p.  
999 |c 16957  |d 16957